| 000 | 00758cam a22002653a 4500 | ||
|---|---|---|---|
| 001 | 16099 | ||
| 003 | PGUSA | ||
| 005 | 20140828083338.0 | ||
| 008 | 050621s2005||||xxu|||||s|||||000 1 eng d | ||
| 040 |
_aPGUSA _beng |
||
| 042 | _adc | ||
| 050 | 4 | _aPR | |
| 100 | 1 | _aBalfour, Frederic Henry | |
| 245 | 1 | 0 |
_aAustin and His Friends _h[electronic resource] / _cFrederic Henry Balfour |
| 260 |
_bProject Gutenberg, _c2005 |
||
| 506 | _aPublic domain in the USA. | ||
| 516 | _aElectronic text | ||
| 653 | _aApparitions -- Fiction | ||
| 653 | _aYoung men -- Fiction | ||
| 653 | _aPeople with disabilities -- Fiction | ||
| 653 | _aAunts -- Fiction | ||
| 830 | 0 |
_aProject Gutenberg _v16099 |
|
| 856 | 4 | 0 | _uhttp://www.gutenberg.org/ebooks/16099 |
| 942 | _cEB | ||
| 999 |
_c245354 _d245354 |
||